| 000 | 01020nam a22003010a 4500 | ||
|---|---|---|---|
| 001 | PT18479 | ||
| 003 | AR-LpoUNG | ||
| 005 | 20210131232820.0 | ||
| 008 | 191001s1990||||ag |||||||||||||||||spa d | ||
| 020 |
_a9505562505 _c$6.66 |
||
| 040 |
_aAR-LpoUNG _bspa _cAR-LpoUNG _eaacr |
||
| 041 | _aspa | ||
| 044 | _aag | ||
| 082 | 0 | _aR862 39dic | |
| 100 | 1 | _aSayas de Lima, Perla | |
| 245 | 1 | 0 | _aDiccionario de directores y escenógrafos del teatro Argentino |
| 250 | _a1§ edición | ||
| 260 |
_aBuenos Aires : _bGalerna, _c1990. |
||
| 300 |
_a391 p. : _btbls. |
||
| 520 | _aSe aparta de la forma tradicional de los diccionarios. Se complementa con opiniones de los participantes, y críticas y comentarios acerca de ellos y su producción, rescatando testimonios, vivencias y reflexiones, algunos dispares y contradictorios. | ||
| 650 | 4 | _aARGENTINA | |
| 650 | 4 | _aDICCIONARIOS | |
| 650 | 4 | _aMATERIAL DE REFERENCIA | |
| 650 | 4 | _aTEATRO | |
| 653 | _aLITERATURA ARGENTINA | ||
| 905 | _a18479 | ||
| 942 | _cLSALA | ||
| 999 |
_c17649 _d17649 |
||